000 00507nam a2200181Ia 4500
001 24646
005 20260414151057.0
008 260414t2005||||xx |||||||||||||| ||spa||
041 _aESP
082 _a345.721
_bC78A
100 _aCordón Moreno, Faustino
_eAUT
245 0 _aEl arbitraje de derecho privado :
_b(estudio breve de la Ley 60/2003, de 23 de diciembre, de arbitraje)
260 _c2005
300 _a428 páginas :
_c18 cm.
650 _aDER
654 _aCDE
942 _cLIB
_dJUS
_fJUS
_2ddc
_n
999 _c24646
_d24646